Personnages de fiction en images - P - Statistiques

Statistiques générales
  • Ce quiz a été pris 76 298 fois
  • Le résultat moyen est 14 sur 20
Statistiques - réponses
Par images Réponse % Correct
Peter Pan
98%
Pinocchio
98%
Pikachu
97%
Pac-Man
96%
Peppa Pig
95%
Princesse {Peach}
93%
Patrick
91%
Pumbaa
87%
Paddington
80%
Pégase
80%
Pluto
80%
Panoramix
76%
Porcinet
74%
Popeye
73%
Padmé Amidala
50%
Perceval
37%
Predator
36%
Pierre
35%
Peregrin Touque
30%
Pepé Le Putois
20%
Aucun quiz correspondant
Distribution des résultats
% des personnes avec chaque résultat
Percentile par nombre de réponses
Votre historique - résultats
Vous n’avez pas pris ce quiz